LEADER 01283nam a2200313 u 4500 001 000000052676 003 CaOOAMICUS 005 20070226115457.0 008 001023s1910 it u000 u ita u 035 $a10859134 040 $aPUL(R)$bita 041 1 $aita$hlat 100 1 $aHoratius Flaccus, Quintus,$d65-8 a.C.$0(OLS)http://pul/name/8724 240 10$aCarmina$9(Horatius Flaccus, Quintus, 65-8 a.C.).$lItaliano.$0(OLS)http://pul/title/70629 245 12$aI Carmi /$cQ. Orazio Flacco ; versione integrale italiana di Pietro Novelli con note e figure. 260 $aRoma :$bLoescher,$c1910. 300 $axcii, 357 p. :$bill. ;$c20 cm 490 1 $aIl pensiero greco-latino 504 $aNote bibliografiche. 700 1 $aNovelli, Pietro.$0(OLS)http://pul/name/8441 830 3$aIl pensiero greco-latino.$0(OLS)http://pul/title/70634 850 $aPUL 852 $aPUL$W1$xDP1 Fondo Ciprotti$y59$m1547 E 21$j69612$nBK-PRI$b $qFondi$B69612$CPULBib$Z2$F69612 $H $81 900 $aOrazio,$d65-8 a.C.$98724 900 $aFlaccus, Quintus Horatius,$d65-8 a.C.$98724 941 1 $a1 961 $aINV: Fondo Ciprotti 996 $6245$aI Carmi$9(OLS)http://pul/title/70633 996 $6260$aRoma :$bLoescher$9(OLS)http://pul/publisher/50291 LEADER 01364nam a2200337 u 4500 001 000000049096 003 CaOOAMICUS 005 20070226115055.0 008 000614s1997 it u000 u ita u 020 $a8800853110 035 $a10850177 040 $aPUL$bita 100 1 $aChalmeta, Gabriel,$csacerdote,$d1957-$0(OLS)http://pul/name/35405 245 10$aEtica applicata :$bl'ordine ideale della vita umana /$cGabriel Chalmeta ; prefazione di Sergio Belardinelli. 260 $aFirenze :$bLe Monnier,$c1997. 300 $aviii, 259 p. ;$c22 cm 490 1 $aFilosofia e realtà 500 $aFront. agg.: Fondazione Rui / Filosofia e realtà. 500 $aComprende indici. 504 $aBibliografia in nota. 650 4$aEtica.$0(OLS)http://pul/subject/547 700 1 $aBelardinelli, Sergio.$0(OLS)http://pul/name/34707 710 2 $aFondazione Rui.$0(OLS)http://pul/name/35562 830 0$aFilosofia e realtà.$0(OLS)http://pul/title/18008 850 $aPUL 852 $aPUL$W1$xSL Religione 1$y3$m36 C 42$j65287$nBK-PRI$b $qStampati$B65287$CPULBib$Z2$F65287 $81 941 1 $a8 961 $aINV: 82114 996 $6020$a8800853110$9(OLS)http://pul/number/61952 996 $6245$aEtica applicata :$bl'ordine ideale della vita umana$9(OLS)http://pul/title/66194 996 $6260$aFirenze :$bLe Monnier$9(OLS)http://pul/publisher/48028